| 000 | 00502nam a2200181Ia 4500 | ||
|---|---|---|---|
| 005 | 20250508153942.0 | ||
| 008 | 008 250505s9999 xx 000 0 eng d | ||
| 037 | _aTextual | ||
| 040 |
_aFEDL _beng _cFEDL |
||
| 041 |
_aeng _2eng |
||
| 084 |
_a370.942, LON _qFEDL |
||
| 245 | 0 | _aCosting and statistics England and Wales | |
| 245 | 0 | _cLondon. Ministry of Education (London UK) | |
| 300 | _a50p | ||
| 650 | _aEducation | ||
| 942 |
_cTEXL _h370.942, LON |
||
| 999 |
_c1346570 _d1346570 |
||